000 00746cab a2200205 4500
001 ABS37991
008 090401t1987 xxu||||| |||| 00| 0 eng d
035 _a(Sirsi) u7936
041 _aeng
100 _aBede, A.
245 _aOut of confinement
260 _c1987
350 _a0
490 _aFinancial Adviser
_v(11) 9 July 1987, 15(1)
520 _aConcise report on the eagerness of building societies to take advantage of the freedom offered by the Building Societies Act 1986 . Indicates the problems being caused to the smaller societies. Includes table illustrating current areas of interest of some major societies.
650 _aFINANCIAL SERVICES
690 _aPROPERTY LAW AND PRACTICE
942 _n0
948 _c04/03/1997
999 _c4831
_d4831